[Event "World Youth & Cadets Rapid Championships"]
[Site "Rhodes, Greece"]
[Date "2022.05.01"]
[Round "2.29"]
[White "Kais, Kristofer"]
[Black "Kovacs, Balazs"]
[Result "1-0"]
[TimeControl "10'/game & 5\"/move"]
[WhiteElo "1091"]
[BlackElo "1397"]

1. d4 {[%clk 00:10:05]} {[%emt 00:55:43]} Nf6 {[%clk 00:10:05]} {[%emt
00:00:02]} 2. Nf3 {[%clk 00:10:05]} {[%emt 00:00:02]} g6 {[%clk 00:10:05]}
{[%emt 00:00:03]} 3. c4 {[%clk 00:10:05]} {[%emt 00:00:07]} Bg7 {[%clk
00:10:05]} {[%emt 00:00:09]} 4. Nc3 {[%clk 00:10:05]} O-O {[%clk 00:10:05]}
{[%emt 00:00:08]} 5. Bf4 {[%clk 00:10:05]} {[%emt 00:00:05]} d6 {[%clk
00:09:58]} {[%emt 00:00:16]} 6. e3 {[%clk 00:10:03]} {[%emt 00:00:07]} Nbd7
{[%clk 00:09:59]} {[%emt 00:00:03]} 7. Bg3 {[%clk 00:10:05]} {[%emt 00:00:03]}
Nh5 {[%clk 00:08:27]} {[%emt 00:01:37]} 8. Be2 {[%clk 00:10:03]} {[%emt
00:00:07]} c5 {[%clk 00:08:09]} {[%emt 00:00:22]} 9. dxc5 {[%clk 00:09:25]}
{[%emt 00:00:44]} Nxc5 {[%clk 00:08:08]} {[%emt 00:00:07]} 10. Nd4 {[%clk
00:08:53]} {[%emt 00:00:36]} Qa5 {[%clk 00:06:34]} {[%emt 00:01:39]} 11. a3
{[%clk 00:08:11]} {[%emt 00:00:47]} Bxd4 {[%clk 00:06:14]} {[%emt 00:00:25]} 12.
exd4 {[%clk 00:08:07]} {[%emt 00:00:10]} Ne4 {[%clk 00:06:09]} {[%emt
00:00:10]} 13. Rc1 {[%clk 00:06:23]} {[%emt 00:01:48]} Qf5 {[%clk 00:05:26]}
{[%emt 00:00:49]} 14. Bxh5 {[%clk 00:04:14]} {[%emt 00:02:13]} Nxc3 {[%clk
00:05:04]} {[%emt 00:00:27]} 15. Rxc3 {[%clk 00:04:05]} {[%emt 00:00:14]} Qxh5
{[%clk 00:04:33]} {[%emt 00:00:36]} 16. Qxh5 {[%clk 00:04:07]} {[%emt
00:00:03]} gxh5 {[%clk 00:04:36]} {[%emt 00:00:02]} 17. Bf4 {[%clk 00:03:41]}
{[%emt 00:00:31]} h4 {[%clk 00:03:52]} {[%emt 00:00:50]} 18. Bg5 {[%clk
00:03:01]} {[%emt 00:00:44]} f5 {[%clk 00:03:26]} {[%emt 00:00:32]} 19. Bxe7
{[%clk 00:02:18]} {[%emt 00:00:47]} Re8 {[%clk 00:03:29]} {[%emt 00:00:02]} 20.
Re3 {[%clk 00:02:22]} {[%emt 00:00:01]} f4 {[%clk 00:03:31]} {[%emt 00:00:04]}
21. Re4 {[%clk 00:02:25]} {[%emt 00:00:01]} Bf5 {[%clk 00:03:30]} {[%emt
00:00:07]} 22. Rxf4 {[%clk 00:02:28]} {[%emt 00:00:02]} Rxe7+ {[%clk 00:03:33]}
{[%emt 00:00:02]} 23. Re4 {[%clk 00:00:00]} {[%emt 00:01:05]} Rxe4+ {[%clk
00:00:00]} {[%emt 00:00:02]} 24. Kd2 {[%clk 00:02:35]} {[%emt 00:00:24]} Rxd4+
{[%clk 00:05:38]} {[%emt 00:00:03]} 25. Kc3 {[%clk 00:02:38]} Rd3+ {[%clk
00:05:41]} {[%emt 00:00:02]} 26. Kb4 {[%clk 00:02:41]} a5+ {[%clk 00:05:44]}
{[%emt 00:00:02]} 27. Kb5 {[%clk 00:02:38]} {[%emt 00:00:08]} Rb3+ {[%clk
00:05:45]} {[%emt 00:00:05]} 28. Ka4 {[%clk 00:02:40]} {[%emt 00:00:02]} Rxb2
{[%clk 00:05:42]} {[%emt 00:00:09]} 29. Rc1 {[%clk 00:02:13]} {[%emt 00:00:31]}
Bd7# {[%clk 00:05:46]} {[%emt 00:00:02]} 1-0

[Event "World Youth & Cadets Rapid Championships"]
[Site "Rhodes, Greece"]
[Date "2022.05.01"]
[Round "2.30"]
[White "Jakhria, Kushal"]
[Black "Zhauynbay, Alimzhan"]
[Result "0-1"]
[TimeControl "10'/game & 5\"/move"]
[WhiteElo "1367"]
[BlackElo "1172"]

1. d4 {[%clk 00:10:06]} {[%emt 00:00:03]} Nf6 {[%clk 00:10:10]} 2. c4 {[%clk
00:10:10]} {[%emt 00:00:01]} g6 {[%clk 00:10:14]} 3. Nc3 {[%clk 00:10:13]}
{[%emt 00:00:03]} Bg7 {[%clk 00:10:18]} 4. e4 {[%clk 00:10:17]} {[%emt
00:00:01]} d6 {[%clk 00:10:22]} {[%emt 00:00:01]} 5. Nf3 {[%clk 00:10:21]}
{[%emt 00:00:01]} O-O {[%clk 00:10:25]} {[%emt 00:00:01]} 6. Be2 {[%clk
00:10:26]} Nbd7 {[%clk 00:10:25]} {[%emt 00:00:06]} 7. O-O {[%clk 00:10:24]}
{[%emt 00:00:06]} c5 {[%clk 00:10:29]} {[%emt 00:00:01]} 8. h3 {[%clk
00:10:04]} {[%emt 00:00:25]} cxd4 {[%clk 00:10:33]} {[%emt 00:00:02]} 9. Nxd4
{[%clk 00:10:08]} Nc5 {[%clk 00:10:37]} 10. Qc2 {[%clk 00:10:10]} {[%emt
00:00:02]} Nfxe4 {[%clk 00:10:28]} {[%emt 00:00:15]} 11. Nxe4 {[%clk 00:10:06]}
{[%emt 00:00:08]} Bxd4 {[%clk 00:10:32]} {[%emt 00:00:02]} 12. Rd1 {[%clk
00:10:10]} Nxe4 {[%clk 00:10:32]} {[%emt 00:00:05]} 13. Rxd4 {[%clk 00:10:14]}
{[%emt 00:00:02]} Nf6 {[%clk 00:10:35]} {[%emt 00:00:02]} 14. Bh6 {[%clk
00:10:10]} {[%emt 00:00:09]} Re8 {[%clk 00:10:38]} {[%emt 00:00:01]} 15. Rad1
{[%clk 00:10:14]} Qb6 {[%clk 00:10:42]} {[%emt 00:00:02]} 16. Be3 {[%clk
00:10:06]} {[%emt 00:00:13]} Qc6 {[%clk 00:10:40]} {[%emt 00:00:07]} 17. Bf3
{[%clk 00:10:03]} {[%emt 00:00:08]} Qc7 {[%clk 00:10:42]} {[%emt 00:00:02]} 18.
Bh6 {[%clk 00:09:41]} {[%emt 00:00:27]} Bf5 {[%clk 00:10:46]} {[%emt 00:00:02]}
19. Qc3 {[%clk 00:09:42]} {[%emt 00:00:04]} Rad8 {[%clk 00:10:47]} {[%emt
00:00:03]} 20. R4d2 {[%clk 00:09:30]} {[%emt 00:00:18]} e5 {[%clk 00:10:37]}
{[%emt 00:00:16]} 21. Qb4 {[%clk 00:08:48]} {[%emt 00:00:46]} e4 {[%clk
00:10:17]} {[%emt 00:00:25]} 22. Qc3 {[%clk 00:08:31]} {[%emt 00:00:20]} Qe7
{[%clk 00:10:20]} {[%emt 00:00:04]} 23. Bg5 {[%clk 00:08:29]} {[%emt 00:00:06]}
Nd5 {[%clk 00:10:09]} {[%emt 00:00:16]} 24. Bxe7 {[%clk 00:07:52]} {[%emt
00:00:43]} Nxc3 {[%clk 00:10:13]} 25. bxc3 {[%clk 00:07:31]} {[%emt 00:00:24]}
Rxe7 {[%clk 00:10:13]} {[%emt 00:00:07]} 26. Be2 {[%clk 00:07:32]} {[%emt
00:00:03]} Red7 {[%clk 00:10:12]} {[%emt 00:00:06]} 27. Rd4 {[%clk 00:06:43]}
{[%emt 00:00:54]} g5 {[%clk 00:09:58]} {[%emt 00:00:20]} 28. g4 {[%clk
00:06:41]} {[%emt 00:00:06]} Bg6 {[%clk 00:10:02]} {[%emt 00:00:01]} 29. c5
{[%clk 00:06:39]} {[%emt 00:00:07]} d5 {[%clk 00:09:42]} {[%emt 00:00:25]} 30.
c4 {[%clk 00:06:40]} {[%emt 00:00:05]} f6 {[%clk 00:09:40]} {[%emt 00:00:07]}
31. cxd5 {[%clk 00:06:42]} {[%emt 00:00:03]} Rc7 {[%clk 00:09:42]} {[%emt
00:00:02]} 32. Rc1 {[%clk 00:06:42]} {[%emt 00:00:05]} Bf7 {[%clk 00:09:42]}
{[%emt 00:00:06]} 33. d6 {[%clk 00:06:38]} {[%emt 00:00:08]} Rc6 {[%clk
00:09:46]} {[%emt 00:00:02]} 34. Bb5 {[%clk 00:06:34]} {[%emt 00:00:08]} Rcc8
{[%clk 00:09:51]} 35. d7 {[%clk 00:05:38]} {[%emt 00:01:01]} Rc7 {[%clk
00:09:54]} {[%emt 00:00:02]} 36. Rxe4 {[%clk 00:05:42]} a6 {[%clk 00:09:52]}
{[%emt 00:00:07]} 37. Ba4 {[%clk 00:04:37]} {[%emt 00:01:10]} b5 {[%clk
00:09:50]} {[%emt 00:00:06]} 38. Bb3 {[%clk 00:04:40]} {[%emt 00:00:02]} Bxb3
{[%clk 00:09:54]} {[%emt 00:00:02]} 39. axb3 {[%clk 00:04:44]} {[%emt
00:00:01]} Rdxd7 {[%clk 00:09:55]} {[%emt 00:00:04]} 40. Re6 {[%clk 00:04:48]}
{[%emt 00:00:01]} Rd5 {[%clk 00:09:41]} {[%emt 00:00:17]} 41. b4 {[%clk
00:04:47]} {[%emt 00:00:08]} Rd4 {[%clk 00:09:42]} {[%emt 00:00:04]} 42. Rb1
{[%clk 00:04:29]} {[%emt 00:00:23]} a5 {[%clk 00:09:41]} {[%emt 00:00:06]} 43.
bxa5 {[%clk 00:04:30]} {[%emt 00:00:04]} Kf7 {[%clk 00:09:45]} {[%emt
00:00:01]} 44. Rd6 {[%clk 00:04:25]} {[%emt 00:00:09]} Rc4 {[%clk 00:09:38]}
{[%emt 00:00:11]} 45. Rxb5 {[%clk 00:04:14]} {[%emt 00:00:18]} R4xc5 {[%clk
00:09:38]} {[%emt 00:00:04]} 46. Rbb6 {[%clk 00:03:53]} {[%emt 00:00:27]} Rxa5
{[%clk 00:09:37]} {[%emt 00:00:06]} 47. Rxf6+ {[%clk 00:03:57]} Kg7 {[%clk
00:09:41]} {[%emt 00:00:01]} 48. Rfd6 {[%clk 00:03:50]} {[%emt 00:00:12]} Rf7
{[%clk 00:09:39]} {[%emt 00:00:06]} 49. Rb2 {[%clk 00:03:30]} {[%emt 00:00:26]}
Rc5 {[%clk 00:09:40]} {[%emt 00:00:04]} 50. Rbd2 {[%clk 00:03:33]} {[%emt
00:00:02]} Rcc7 {[%clk 00:09:42]} {[%emt 00:00:03]} 51. Kg2 {[%clk 00:03:37]}
{[%emt 00:00:01]} Rb7 {[%clk 00:09:46]} 52. Kg3 {[%clk 00:03:29]} {[%emt
00:00:12]} Rb3+ {[%clk 00:09:50]} {[%emt 00:00:02]} 53. R2d3 {[%clk 00:03:31]}
{[%emt 00:00:02]} Rb2 {[%clk 00:09:54]} {[%emt 00:00:02]} 54. Rd2 {[%clk
00:03:33]} {[%emt 00:00:03]} Rb3+ {[%clk 00:09:58]} 55. R6d3 {[%clk 00:03:37]}
Rb4 {[%clk 00:10:02]} {[%emt 00:00:01]} 56. f3 {[%clk 00:03:40]} {[%emt
00:00:02]} Rbf4 {[%clk 00:10:04]} {[%emt 00:00:03]} 57. Re3 {[%clk 00:03:43]}
{[%emt 00:00:02]} R4f6 {[%clk 00:10:05]} {[%emt 00:00:04]} 58. Rd5 {[%clk
00:03:47]} {[%emt 00:00:01]} h6 {[%clk 00:10:08]} {[%emt 00:00:02]} 59. Rdd3
{[%clk 00:03:41]} {[%emt 00:00:11]} Rf4 {[%clk 00:10:11]} {[%emt 00:00:02]} 60.
h4 {[%clk 00:03:42]} {[%emt 00:00:04]} gxh4+ {[%clk 00:10:09]} {[%emt
00:00:07]} 61. Kxh4 {[%clk 00:03:46]} {[%emt 00:00:01]} Ra4 {[%clk 00:10:12]}
{[%emt 00:00:02]} 62. Re5 {[%clk 00:03:40]} {[%emt 00:00:10]} Raf4 {[%clk
00:10:12]} {[%emt 00:00:05]} 63. Kg3 {[%clk 00:03:43]} {[%emt 00:00:02]} Ra4
{[%clk 00:10:15]} {[%emt 00:00:02]} 64. Re6 {[%clk 00:03:40]} {[%emt 00:00:09]}
Ra1 {[%clk 00:10:16]} {[%emt 00:00:04]} 65. Rdd6 {[%clk 00:03:29]} {[%emt
00:00:16]} Ra3 {[%clk 00:10:05]} {[%emt 00:00:16]} 66. Rg6+ {[%clk 00:03:23]}
{[%emt 00:00:11]} Kf8 {[%clk 00:10:08]} {[%emt 00:00:02]} 67. Rdf6 {[%clk
00:02:55]} {[%emt 00:00:33]} Rxf6 {[%clk 00:10:07]} {[%emt 00:00:07]} 68. Rxf6+
{[%emt 00:00:03]} Kg7 {[%clk 00:10:09]} 69. Rb6 {[%clk 00:03:00]} {[%emt
00:00:02]} Re3 {[%clk 00:10:11]} {[%emt 00:00:03]} 70. Kf4 {[%clk 00:03:02]}
{[%emt 00:00:03]} Re7 {[%clk 00:10:14]} {[%emt 00:00:02]} 71. Kf5 {[%clk
00:03:06]} {[%emt 00:00:02]} Rf7+ {[%clk 00:10:19]} 72. Ke4 {[%clk 00:03:07]}
{[%emt 00:00:03]} Re7+ {[%clk 00:10:23]} {[%emt 00:00:01]} 73. Kf4 {[%clk
00:03:11]} Rf7+ {[%clk 00:10:27]} {[%emt 00:00:01]} 74. Kg3 {[%clk 00:03:15]}
Re7 {[%clk 00:10:32]} 75. f4 {[%clk 00:03:15]} {[%emt 00:00:05]} Re3+ {[%clk
00:10:36]} 76. Kh4 {[%clk 00:03:19]} Rf3 {[%clk 00:10:35]} {[%emt 00:00:06]} 77.
f5 {[%clk 00:03:21]} {[%emt 00:00:04]} Rf1 {[%clk 00:10:38]} {[%emt 00:00:01]}
78. Rg6+ {[%clk 00:03:25]} {[%emt 00:00:02]} Kh7 {[%clk 00:10:42]} 79. Ra6
{[%clk 00:03:27]} {[%emt 00:00:03]} Kg7 {[%clk 00:10:46]} 80. Kg3 {[%clk
00:03:28]} {[%emt 00:00:03]} Rg1+ {[%clk 00:10:50]} {[%emt 00:00:02]} 81. Kf4
{[%clk 00:03:32]} {[%emt 00:00:01]} Rf1+ {[%clk 00:10:53]} {[%emt 00:00:01]} 82.
Ke5 {[%clk 00:03:32]} {[%emt 00:00:05]} Re1+ {[%clk 00:10:57]} {[%emt
00:00:02]} 83. Kd6 {[%clk 00:03:37]} Re4 {[%clk 00:10:57]} {[%emt 00:00:05]} 84.
Ra7+ {[%clk 00:03:35]} {[%emt 00:00:06]} Kf6 {[%emt 00:00:14]} 85. Rh7 {[%clk
00:03:18]} {[%emt 00:00:11]} Rxg4 {[%clk 00:11:01]} {[%emt 00:00:03]} 86. Rxh6
{[%clk 00:03:22]} {[%emt 00:00:01]} Kxf5 {[%clk 00:11:04]} {[%emt 00:00:02]} 87.
Kd5 {[%clk 00:03:26]} {[%emt 00:00:02]} Rg6 {[%clk 00:11:07]} {[%emt 00:00:01]}
88. Rh1 {[%clk 00:03:30]} Rg8 {[%clk 00:11:09]} {[%emt 00:00:03]} 89. Rf1
{[%clk 00:03:34]} {[%emt 00:00:02]} Kg6 {[%clk 00:11:14]} 90. Kd6 {[%clk
00:03:36]} {[%emt 00:00:02]} Rd8+ {[%clk 00:11:18]} 91. Ke7 {[%clk 00:03:39]}
{[%emt 00:00:02]} Ra8 {[%clk 00:11:21]} 92. Ke6 {[%clk 00:03:41]} {[%emt
00:00:03]} Ra6+ {[%clk 00:11:26]} 93. Ke5 {[%clk 00:03:45]} Ra5+ {[%clk
00:11:30]} {[%emt 00:00:01]} 94. Kf4 {[%clk 00:03:45]} {[%emt 00:00:05]} Rf5+
{[%emt 00:00:33]} 0-1

[Event "World Youth & Cadets Rapid Championships"]
[Site "Rhodes, Greece"]
[Date "2022.05.01"]
[Round "2.31"]
[White "Can, Isil"]
[Black "Nurgali, Nazerke"]
[Result "1-0"]
[TimeControl "10'/game & 5\"/move"]
[WhiteElo "1683"]
[BlackElo "2056"]

1. e4 {[%clk 00:10:09]} c6 {[%clk 00:10:09]} {[%emt 00:00:01]} 2. d4 {[%clk
00:10:12]} {[%emt 00:00:02]} d5 {[%clk 00:10:13]} {[%emt 00:00:01]} 3. exd5
{[%clk 00:10:16]} {[%emt 00:00:02]} cxd5 {[%clk 00:10:17]} {[%emt 00:00:01]} 4.
Bd3 {[%clk 00:10:18]} {[%emt 00:00:03]} Nc6 {[%clk 00:10:20]} {[%emt 00:00:02]}
5. c3 {[%clk 00:10:22]} {[%emt 00:00:02]} Nf6 {[%clk 00:10:22]} {[%emt
00:00:02]} 6. Bf4 {[%clk 00:10:21]} {[%emt 00:00:05]} g6 {[%clk 00:10:20]}
{[%emt 00:00:08]} 7. Qb3 {[%clk 00:10:00]} {[%emt 00:00:26]} Bg7 {[%clk
00:10:15]} {[%emt 00:00:09]} 8. Nf3 {[%clk 00:10:03]} {[%emt 00:00:02]} O-O
{[%clk 00:10:05]} {[%emt 00:00:15]} 9. O-O {[%clk 00:10:03]} {[%emt 00:00:05]}
Nh5 {[%clk 00:09:37]} {[%emt 00:00:34]} 10. Bg3 {[%clk 00:09:39]} {[%emt
00:00:29]} Nxg3 {[%clk 00:09:25]} {[%emt 00:00:17]} 11. hxg3 {[%clk 00:09:39]}
{[%emt 00:00:04]} Na5 {[%clk 00:08:51]} {[%emt 00:00:39]} 12. Qc2 {[%clk
00:09:35]} {[%emt 00:00:09]} Nc4 {[%clk 00:08:43]} {[%emt 00:00:13]} 13. Nbd2
{[%clk 00:09:08]} {[%emt 00:00:32]} Nxd2 {[%clk 00:07:54]} {[%emt 00:00:55]} 14.
Qxd2 {[%clk 00:08:52]} {[%emt 00:00:21]} Qc7 {[%clk 00:07:44]} {[%emt
00:00:14]} 15. Rfe1 {[%clk 00:08:29]} {[%emt 00:00:28]} e6 {[%clk 00:07:40]}
{[%emt 00:00:10]} 16. a4 {[%clk 00:08:10]} {[%emt 00:00:24]} Bd7 {[%clk
00:07:27]} {[%emt 00:00:17]} 17. Bf1 {[%clk 00:06:32]} {[%emt 00:01:43]} Rad8
{[%clk 00:07:23]} {[%emt 00:00:10]} 18. Ne5 {[%clk 00:06:31]} {[%emt 00:00:06]}
Bc8 {[%clk 00:07:22]} {[%emt 00:00:06]} 19. a5 {[%clk 00:05:44]} {[%emt
00:00:52]} a6 {[%clk 00:07:21]} {[%emt 00:00:06]} 20. Nd3 {[%clk 00:05:40]}
{[%emt 00:00:09]} Rfe8 {[%clk 00:06:54]} {[%emt 00:00:32]} 21. f4 {[%clk
00:05:28]} {[%emt 00:00:16]} Re7 {[%clk 00:06:15]} {[%emt 00:00:45]} 22. b4
{[%clk 00:04:57]} {[%emt 00:00:37]} Bd7 {[%clk 00:06:09]} {[%emt 00:00:10]} 23.
Nc5 {[%clk 00:04:52]} {[%emt 00:00:10]} Bc6 {[%clk 00:06:04]} {[%emt 00:00:10]}
24. Re3 {[%clk 00:04:17]} {[%emt 00:00:39]} Rde8 {[%clk 00:05:39]} {[%emt
00:00:30]} 25. Rae1 {[%clk 00:04:17]} {[%emt 00:00:06]} Bb5 {[%clk 00:04:47]}
{[%emt 00:00:57]} 26. Qf2 {[%clk 00:03:15]} {[%emt 00:01:07]} Qc6 {[%clk
00:04:24]} {[%emt 00:00:27]} 27. g4 {[%clk 00:03:05]} {[%emt 00:00:15]} Bxf1
{[%clk 00:04:07]} {[%emt 00:00:23]} 28. Qxf1 {[%clk 00:02:28]} {[%emt
00:00:43]} Bf8 {[%clk 00:03:44]} {[%emt 00:00:27]} 29. Qe2 {[%clk 00:01:26]}
{[%emt 00:01:07]} Qc7 {[%clk 00:03:38]} {[%emt 00:00:11]} 30. Qf2 {[%clk
00:01:21]} {[%emt 00:00:10]} Qc6 {[%clk 00:02:58]} {[%emt 00:00:45]} 31. g5
{[%clk 00:00:47]} {[%emt 00:00:39]} Rc7 {[%clk 00:02:17]} {[%emt 00:00:46]} 32.
Qh4 {[%clk 00:00:50]} {[%emt 00:00:01]} Bxc5 {[%clk 00:01:49]} {[%emt
00:00:33]} 33. dxc5 {[%clk 00:00:31]} {[%emt 00:00:25]} d4 {[%clk 00:01:37]}
{[%emt 00:00:17]} 34. cxd4 {[%clk 00:00:35]} {[%emt 00:00:02]} Qd5 {[%clk
00:01:38]} {[%emt 00:00:03]} 35. Rd1 {[%clk 00:00:21]} {[%emt 00:00:19]} Rd7
{[%clk 00:01:24]} {[%emt 00:00:19]} 36. Rh3 {[%clk 00:00:22]} {[%emt 00:00:04]}
h5 {[%clk 00:01:22]} {[%emt 00:00:07]} 37. gxh6 {[%clk 00:00:24]} {[%emt
00:00:03]} Kh7 {[%emt 00:00:04]} 38. Qf6 {[%clk 00:00:21]} {[%emt 00:00:06]}
Qe4 {[%clk 00:01:14]} {[%emt 00:00:16]} 39. Qg7# {[%clk 00:00:21]} {[%emt
00:00:05]} 1-0

[Event "World Youth & Cadets Rapid Championships"]
[Site "Rhodes, Greece"]
[Date "2022.05.01"]
[Round "2.32"]
[White "Hryzlova, Sofiia"]
[Black "Marcinczyk, Monika"]
[Result "1-0"]
[TimeControl "10'/game & 5\"/move"]
[WhiteElo "2011"]
[BlackElo "1794"]

1. d4 {[%clk 00:10:08]} {[%emt 00:00:01]} Nf6 {[%clk 00:10:09]} {[%emt
00:00:02]} 2. c4 {[%clk 00:10:10]} {[%emt 00:00:02]} e6 {[%clk 00:10:12]}
{[%emt 00:00:02]} 3. Nc3 {[%clk 00:10:12]} {[%emt 00:00:03]} Bb4 {[%clk
00:10:16]} {[%emt 00:00:02]} 4. Qc2 {[%clk 00:10:15]} {[%emt 00:00:02]} b6
{[%clk 00:10:19]} {[%emt 00:00:02]} 5. e4 {[%clk 00:10:13]} {[%emt 00:00:07]}
Bb7 {[%clk 00:10:20]} {[%emt 00:00:04]} 6. Bd3 {[%clk 00:10:12]} {[%emt
00:00:05]} c5 {[%clk 00:10:12]} {[%emt 00:00:14]} 7. d5 {[%clk 00:10:13]}
{[%emt 00:00:04]} Qe7 {[%clk 00:10:09]} {[%emt 00:00:08]} 8. Nge2 {[%clk
00:10:09]} {[%emt 00:00:09]} exd5 {[%clk 00:10:11]} {[%emt 00:00:04]} 9. exd5
{[%clk 00:09:53]} {[%emt 00:00:20]} d6 {[%clk 00:10:04]} {[%emt 00:00:12]} 10.
O-O {[%clk 00:09:51]} {[%emt 00:00:06]} Bxc3 {[%clk 00:10:02]} {[%emt
00:00:07]} 11. Nxc3 {[%clk 00:09:53]} {[%emt 00:00:03]} O-O {[%emt 00:00:19]}
12. Bg5 {[%clk 00:09:42]} h6 {[%clk 00:10:07]} {[%emt 00:00:03]} 13. Rae1
{[%clk 00:09:38]} {[%emt 00:00:08]} Qd8 {[%clk 00:10:07]} {[%emt 00:00:05]} 14.
Bh4 {[%clk 00:09:21]} {[%emt 00:00:22]} Nbd7 {[%clk 00:09:55]} {[%emt
00:00:18]} 15. Ne4 {[%clk 00:09:10]} {[%emt 00:00:16]} Ne5 {[%clk 00:07:21]}
{[%emt 00:02:39]} 16. Nxf6+ {[%clk 00:08:04]} {[%emt 00:01:11]} gxf6 {[%clk
00:07:23]} {[%emt 00:00:02]} 17. Bf5 {[%clk 00:08:04]} {[%emt 00:00:04]} Kg7
{[%clk 00:05:35]} {[%emt 00:01:55]} 18. Re3 {[%clk 00:07:43]} {[%emt 00:00:26]}
Rg8 {[%clk 00:05:19]} {[%emt 00:00:22]} 19. Bh7 {[%clk 00:06:20]} {[%emt
00:01:27]} Ng6 {[%clk 00:02:58]} {[%emt 00:02:26]} 20. Bxg8 {[%clk 00:06:14]}
{[%emt 00:00:11]} Kxg8 {[%clk 00:01:57]} {[%emt 00:01:05]} 21. Rg3 {[%clk
00:05:53]} {[%emt 00:00:27]} Kh7 {[%clk 00:00:43]} {[%emt 00:01:19]} 22. Qf5
{[%clk 00:05:37]} {[%emt 00:00:20]} Bc8 {[%clk 00:00:08]} {[%emt 00:00:41]} 23.
Qxf6 {[%clk 00:05:38]} {[%emt 00:00:04]} Qe8 {[%clk 00:00:11]} {[%emt
00:00:02]} 24. Re3 {[%clk 00:05:21]} {[%emt 00:00:21]} Qd7 {[%clk 00:00:13]}
{[%emt 00:00:04]} 25. Bg3 {[%clk 00:05:21]} {[%emt 00:00:05]} 1-0

[Event "World Youth & Cadets Rapid Championships"]
[Site "Rhodes, Greece"]
[Date "2022.05.01"]
[Round "2.33"]
[White "Siekanska, Maria"]
[Black "Aydin, Gulenay"]
[Result "1-0"]
[TimeControl "10'/game & 5\"/move"]
[WhiteElo "1865"]
[BlackElo "2143"]

1. d4 {[%clk 00:10:09]} {[%emt 00:00:01]} Nf6 {[%clk 00:10:06]} {[%emt
00:00:04]} 2. c4 {[%clk 00:10:12]} {[%emt 00:00:02]} g6 {[%clk 00:10:10]}
{[%emt 00:00:01]} 3. Nc3 {[%clk 00:10:14]} {[%emt 00:00:03]} Bg7 {[%clk
00:10:13]} {[%emt 00:00:02]} 4. e4 {[%clk 00:10:17]} {[%emt 00:00:01]} d6
{[%clk 00:10:17]} {[%emt 00:00:01]} 5. Nf3 {[%clk 00:10:21]} {[%emt 00:00:01]}
O-O {[%emt 00:00:03]} 6. Be2 {[%clk 00:10:23]} {[%emt 00:00:02]} e5 {[%clk
00:10:17]} {[%emt 00:00:07]} 7. O-O {[%clk 00:10:25]} {[%emt 00:00:03]} Bg4
{[%clk 00:10:05]} {[%emt 00:00:18]} 8. d5 {[%clk 00:10:28]} {[%emt 00:00:02]}
a5 {[%emt 00:00:08]} 9. Ne1 {[%emt 00:01:09]} Bd7 {[%clk 00:09:29]} {[%emt
00:00:22]} 10. Nd3 {[%clk 00:09:24]} {[%emt 00:00:20]} Na6 {[%clk 00:09:21]}
{[%emt 00:00:14]} 11. Rb1 {[%emt 00:01:08]} b6 {[%emt 00:00:45]} 12. b3 {[%clk
00:08:47]} {[%emt 00:00:13]} h5 {[%clk 00:05:59]} {[%emt 00:01:21]} 13. a3 Nc5
{[%emt 00:01:27]} 14. Nxc5 {[%clk 00:08:01]} {[%emt 00:00:26]} bxc5 {[%emt
00:01:07]} 15. Qc2 {[%emt 00:00:26]} Kh7 {[%clk 00:05:40]} {[%emt 00:00:05]} 16.
Bd2 {[%clk 00:06:48]} {[%emt 00:00:13]} Bh6 {[%clk 00:05:35]} {[%emt 00:00:10]}
17. Bxh6 {[%clk 00:06:35]} {[%emt 00:00:19]} Kxh6 {[%clk 00:05:38]} {[%emt
00:00:01]} 18. b4 {[%clk 00:06:13]} {[%emt 00:00:27]} axb4 {[%clk 00:05:08]}
{[%emt 00:00:36]} 19. axb4 {[%clk 00:06:16]} {[%emt 00:00:01]} cxb4 {[%clk
00:05:02]} {[%emt 00:00:11]} 20. Rxb4 {[%clk 00:06:18]} {[%emt 00:00:04]} Nh7
{[%clk 00:04:38]} {[%emt 00:00:29]} 21. Qd2+ {[%clk 00:06:07]} {[%emt
00:00:15]} Kg7 {[%emt 00:00:13]} 22. Rfb1 {[%clk 00:06:02]} f5 {[%emt
00:01:15]} 23. exf5 {[%clk 00:05:45]} {[%emt 00:00:05]} Rxf5 {[%clk 00:03:22]}
{[%emt 00:00:24]} 24. Ne4 {[%clk 00:05:17]} Rf4 {[%clk 00:02:22]} {[%emt
00:01:00]} 25. Bd3 {[%clk 00:04:16]} 1-0